Analyzing repeated surveys
Kaydedildi:
| Yazar: | |
|---|---|
| Materyal Türü: | Metin |
| Baskı/Yayın Bilgisi: |
New Delhi:
Sage Publications
|
| Konular: | |
| Etiketler: |
Etiketle
Etiket eklenmemiş, İlk siz ekleyin!
|
MARC
| LEADER | 00000 a a2200000 04500 | ||
|---|---|---|---|
| 001 | 35473 | ||
| 003 | |||
| 040 | |||
| 020 | |a 0-8039-7398-5 | ||
| 090 | |a 1001 F523a | ||
| 100 | |a Firebaugh, Glenn | ||
| 245 | |a Analyzing repeated surveys | ||
| 260 | |a New Delhi: |b Sage Publications | ||
| 300 | |a 72 p. | ||
| 650 | |a INVESTIGACION SOCIAL | ||
| 650 | |a ANALISIS ESTADISTICO | ||
| 999 | |c 13260 |d 13260 | ||



